000 00495nam a2200181Ia 4500
001 13360
005 20260306164755.0
008 260306t2006||||xx |||||||||||||| ||spa||
041 _aESP
082 _a001.42
_bY94
100 _aYuni, José Alberto
_eAUT
245 0 _aTécnicas para investigar:
_brecursos metodológicos para la preparación de proyectos de investigación
260 _c2006
300 _apágs. :
_c21 cm.
650 _aGEN
654 _aCHU
942 _cLIB
_dJUS
_fJUS
_2ddc
_n
999 _c13360
_d13360